| 000 | 00670cam a2200241u 4500 | ||
|---|---|---|---|
| 999 |
_c528137 _d528137 |
||
| 001 | 9393737 | ||
| 003 | NUST | ||
| 005 | 20190829110952.0 | ||
| 008 | 821214s1963 couak 000 0 eng | ||
| 010 | _a 64060460 | ||
| 038 | _aM.Ramzan | ||
| 040 |
_aDLC _cCarP _dDLC |
||
| 050 | 0 | 0 |
_aTA715 _b.U5 1963 |
| 082 |
_a624.152 _bUS |
||
| 110 | 1 |
_aUnited States. _bBureau of Reclamation. [from old catalog] _919707 |
|
| 245 | 1 | 0 | _aEarth manual: |
| 260 |
_aDenver, _c1963. |
||
| 300 |
_axxviii, 783 p. _billus., forms. _c19 cm. |
||
| 650 | 0 |
_aEarthwork. _919708 |
|
| 650 | 0 |
_aSoil mechanics. _9558 |
|
| 906 |
_a0 _bcbc _cpremunv _du _encip _f19 _gy-gencatlg |
||
| 942 |
_2ddc _cBK |
||